00513 2200193 4500245005800000020002200058250001000080100001700090700001800107700001900125650002200144650001000166005001900176260006500195041001400260084000800274300002800282336000900310 aPAHLAWAN DAN TOKOH INSPIRASI ACEHcHidayatullahhText a978-602-437-322-1 acet.1 aHidayatullah aKity Karenisa aMuhammad Rifki aPahlawan Nasional aEbook a20241105130903 aJakarta TimurbBadan Pengembangan dan Pembinaan Bahasac2018 aIndonesia a920 aviii, 59 hlm. :c21 cm. atext